[Event "4NCL Online Division 3"]
[Site "online"]
[Date "2020.06.02"]
[Round "9.63"]
[White "Pincheira Sarmiento, Bernardo"]
[Black "Allford, Zane"]
[Result "0-1"]
[WhiteElo "1795"]
[BlackElo "1693"]
[PlyCount "68"]
[EventDate "2020.06.02"]
[WhiteTeam "Nottingham University 1"]
[BlackTeam "Abergavenny and Friends"]

1. d4 Nf6 2. c4 g6 3. Nc3 Bg7 4. Nf3 d6 5. Bg5 O-O 6. Qd2 Bf5 7. Bh6 c6 8. Bxg7
Kxg7 9. e3 Na6 10. a3 Nc7 11. Be2 Re8 12. O-O e5 13. Rad1 e4 14. Nh4 Bd7 15. g3
d5 16. c5 Bh3 17. Ng2 Ne6 18. f3 exf3 19. Bxf3 Ng5 20. Be2 Qe7 21. e4 Nfxe4 22.
Nxe4 Nxe4 23. Qf4 Nxg3 24. hxg3 Bxg2 25. Kxg2 Qxe2+ 26. Rf2 Qe4+ 27. Kh2 Qxf4
28. gxf4 Re4 29. Kg3 Rae8 30. f5 Re3+ 31. Kg4 R8e4+ 32. Rf4 h5+ 33. Kg5 f6+ 34.
Kh4 Rxf4# 0-1

[Event "4NCL Online Division 3"]
[Site "online"]
[Date "2020.06.02"]
[Round "9.64"]
[White "Rovaretti, David"]
[Black "Majid, Haroon"]
[Result "1-0"]
[WhiteElo "1643"]
[BlackElo "1772"]
[PlyCount "59"]
[EventDate "2020.06.02"]
[WhiteTeam "Abergavenny and Friends"]
[BlackTeam "Nottingham University 1"]

1. e4 c5 2. Nf3 Nc6 3. Bd3 d6 4. c3 Bg4 5. O-O Nf6 6. Bc2 Ne5 7. Ba4+ Nfd7 8.
Nxe5 Bxd1 9. Bxd7+ Qxd7 10. Nxd7 Kxd7 11. Rxd1 h5 12. d4 c4 13. Nd2 b5 14. Nf3
h4 15. h3 f6 16. e5 g6 17. a4 g5 18. axb5 g4 19. hxg4 h3 20. Bf4 d5 21. exf6
exf6 22. b6 Bh6 23. Bg3 hxg2 24. Kxg2 Kc6 25. bxa7 f5 26. g5 Bg7 27. Bb8 Re8
28. Re1 Rh8 29. Re6+ Kd7 30. Rae1 1-0

[Event "4NCL Online Division 3"]
[Site "online"]
[Date "2020.06.02"]
[Round "9.71"]
[White "Thompson, Peter"]
[Black "Robertson, Mark M"]
[Result "1-0"]
[WhiteElo "1900"]
[BlackElo "2050"]
[PlyCount "51"]
[EventDate "2020.06.02"]
[WhiteTeam "Preston South End"]
[BlackTeam "Catford Cosmonauts 2"]

1. e4 d6 2. Nf3 Nf6 3. d3 g6 4. g3 Bg7 5. Bg2 O-O 6. O-O c5 7. c3 c4 8. Re1
cxd3 9. Qxd3 Nc6 10. Nbd2 Qc7 11. Nb3 e5 12. Bg5 h6 13. Be3 d5 14. Nfd2 dxe4
15. Nxe4 Rd8 16. Nxf6+ Bxf6 17. Qe2 Bg7 18. Rad1 Re8 19. Qc2 a5 20. Nc5 f5 21.
Qc1 g5 22. Bd5+ Kh8 23. Bxg5 hxg5 24. Qxg5 Re7 25. Qh5+ Bh6 26. Qxh6+ 1-0

[Event "4NCL Online Division 3"]
[Site "online"]
[Date "2020.06.02"]
[Round "9.72"]
[White "Gruau, Martin G"]
[Black "Quinn, Kenny"]
[Result "1-0"]
[WhiteElo "2050"]
[BlackElo "1825"]
[PlyCount "57"]
[EventDate "2020.06.02"]
[WhiteTeam "Catford Cosmonauts 2"]
[BlackTeam "Preston South End"]

1. e4 c5 2. Nf3 d6 3. g3 g6 4. Bg2 Bg7 5. O-O Nf6 6. Re1 O-O 7. d3 Nc6 8. c3
Re8 9. Bf4 Bd7 10. a4 Rb8 11. Na3 a6 12. Nc4 b5 13. Nxd6 exd6 14. Bxd6 bxa4 15.
Bxb8 Qxb8 16. Qc2 Na5 17. Nd2 Qc7 18. f4 Bc6 19. d4 Nb3 20. Nxb3 axb3 21. Qd3
cxd4 22. cxd4 Bb5 23. Qxb3 Qb6 24. Rad1 Rd8 25. Qc3 Bf8 26. e5 Rxd4 27. Rxd4
Bc5 28. Red1 Bc6 29. exf6 1-0

[Event "4NCL Online Division 3"]
[Site "online"]
[Date "2020.06.02"]
[Round "9.73"]
[White "Tuke, David"]
[Black "Gluckman, Tim"]
[Result "0-1"]
[WhiteElo "1675"]
[BlackElo "1907"]
[PlyCount "46"]
[EventDate "2020.06.02"]
[WhiteTeam "Preston South End"]
[BlackTeam "Catford Cosmonauts 2"]

1. d4 Nf6 2. c4 c5 3. d5 e5 4. dxe6 fxe6 5. Nc3 d5 6. e3 Be7 7. Nf3 Nc6 8. Be2
O-O 9. O-O d4 10. exd4 cxd4 11. Nb5 e5 12. Re1 a6 13. Na3 e4 14. Nd2 Bd6 15.
Nb3 d3 16. Bf1 Bxh2+ 17. Kh1 Ng4 18. Qxg4 Bxg4 19. Rxe4 Bf5 20. Re3 Qh4 21. Rh3
Bxh3 22. Be3 Bf5 23. Nd2 Bg3+ 0-1

[Event "4NCL Online Division 3"]
[Site "online"]
[Date "2020.06.02"]
[Round "9.74"]
[White "Helsby, David C"]
[Black "De Santos, Andrew"]
[Result "1-0"]
[WhiteElo "1825"]
[BlackElo "1546"]
[PlyCount "95"]
[EventDate "2020.06.02"]
[WhiteTeam "Catford Cosmonauts 2"]
[BlackTeam "Preston South End"]

1. Nf3 d5 2. d3 Nf6 3. g3 g6 4. Bg2 Bg7 5. O-O O-O 6. Nbd2 c6 7. Re1 Bg4 8. h3
Bf5 9. Nh4 Be6 10. e4 dxe4 11. dxe4 Na6 12. c3 Qc7 13. Qe2 Rad8 14. Nf1 Qc8 15.
Kh2 Nc7 16. b3 Nd7 17. Bb2 Nb6 18. c4 Bxb2 19. Qxb2 Na6 20. Qa3 Rfe8 21. Nf3
Qb8 22. h4 Nd7 23. h5 Nf8 24. Ng5 Nc7 25. Qb2 Rd3 26. Rad1 Red8 27. Qc2 Rxd1
28. Rxd1 Rxd1 29. Qxd1 Qc8 30. h6 Qd7 31. Qa1 f6 32. Nf3 Ne8 33. Ne3 Qc7 34.
Qd4 a6 35. Nh4 Qd6 36. Qc3 Nd7 37. f4 Bf7 38. Nf3 Qc7 39. Bh3 Qd8 40. Qd4 e6
41. b4 Qc7 42. c5 Nf8 43. e5 f5 44. Nc4 Qd7 45. Nd6 Nxd6 46. exd6 Be8 47. Bf1
Qd8 48. Qg7# 1-0

[Event "4NCL Online Division 3"]
[Site "online"]
[Date "2020.06.02"]
[Round "9.81"]
[White "Boardman, Jeffrey"]
[Black "Stubbs, Oliver"]
[Result "0-1"]
[WhiteElo "1975"]
[BlackElo "2050"]
[PlyCount "72"]
[EventDate "2020.06.02"]
[WhiteTeam "Railsport"]
[BlackTeam "The Rook1Es"]

1. b3 Nf6 2. Bb2 g6 3. Bxf6 exf6 4. c4 d5 5. cxd5 Qxd5 6. e3 Qa5 7. Nf3 f5 8.
Nc3 Bg7 9. Rc1 O-O 10. Be2 Rd8 11. O-O Na6 12. Qc2 Nb4 13. Qb1 c5 14. Rfd1 Be6
15. d4 f4 16. Na4 b6 17. dxc5 fxe3 18. fxe3 Rxd1+ 19. Bxd1 bxc5 20. a3 Nd5 21.
Rxc5 Qd8 22. Qd3 Nxe3 23. Qxd8+ Rxd8 24. Be2 Bxb3 25. Ra5 Bd5 26. Kf2 Nf5 27.
Bd3 Nd4 28. Nxd4 Bxd4+ 29. Kg3 Bc6 30. Bc4 Kg7 31. Nc5 Be5+ 32. Kf2 Bc7 33.
Rxa7 Bb6 34. Rxf7+ Kh6 35. Rc7 Bxc7 36. Ne6 Rd7 0-1

[Event "4NCL Online Division 3"]
[Site "online"]
[Date "2020.06.02"]
[Round "9.82"]
[White "Gao, Ian"]
[Black "McGovern, Derek P"]
[Result "0-1"]
[WhiteElo "1907"]
[BlackElo "1855"]
[PlyCount "90"]
[EventDate "2020.06.02"]
[WhiteTeam "The Rook1Es"]
[BlackTeam "Railsport"]

1. Nf3 d5 2. g3 e6 3. Bg2 c6 4. O-O f5 5. d4 Bd6 6. c4 Nf6 7. Nc3 Qe7 8. c5 Bc7
9. b4 a6 10. Bf4 O-O 11. Na4 Bxf4 12. gxf4 Nbd7 13. a3 Rb8 14. Rc1 Ne4 15. e3
Kh8 16. Ne5 Nef6 17. Kh1 Nxe5 18. fxe5 Ng8 19. f4 Bd7 20. Rg1 Be8 21. Bf3 Qh4
22. Rg3 Nh6 23. Qe2 Rg8 24. Rcg1 Bg6 25. Nb6 Rbd8 26. h3 Nf7 27. Kh2 Rde8 28.
a4 Re7 29. Qe1 Rc7 30. R3g2 Qxe1 31. Rxe1 Nh6 32. Kg1 Re7 33. Kf2 Rd8 34. Reg1
Rg8 35. h4 Ng4+ 36. Bxg4 fxg4 37. Rxg4 Bf5 38. R4g3 h5 39. Ke2 g6 40. Kd2 Kh7
41. Kc3 Rb8 42. R3g2 Be4 43. Rb2 Bf5 44. b5 axb5 45. Rxb5 cxb5 0-1

[Event "4NCL Online Division 3"]
[Site "online"]
[Date "2020.06.02"]
[Round "9.83"]
[White "Jones, H Trevor"]
[Black "Walker, Max"]
[Result "1/2-1/2"]
[WhiteElo "1795"]
[BlackElo "1945"]
[PlyCount "45"]
[EventDate "2020.06.02"]
[WhiteTeam "Railsport"]
[BlackTeam "The Rook1Es"]

1. c4 e5 2. Nc3 Nc6 3. g3 Nf6 4. Bg2 Bc5 5. e3 O-O 6. a3 a6 7. Nge2 d6 8. d4
exd4 9. exd4 Ba7 10. O-O Re8 11. h3 h6 12. Be3 Ne7 13. g4 c6 14. g5 hxg5 15.
Bxg5 Nh7 16. Bxe7 Qxe7 17. d5 Qh4 18. Qd3 Ng5 19. Qg3 Nxh3+ 20. Bxh3 Qxg3+ 21.
Nxg3 Bxh3 22. Rfd1 Rad8 23. Rd3 1/2-1/2

[Event "4NCL Online Division 3"]
[Site "online"]
[Date "2020.06.02"]
[Round "9.84"]
[White "Saunders, Aron"]
[Black "Broad, Michael J"]
[Result "1-0"]
[WhiteElo "1847"]
[BlackElo "1720"]
[PlyCount "43"]
[EventDate "2020.06.02"]
[WhiteTeam "The Rook1Es"]
[BlackTeam "Railsport"]

1. e4 e5 2. Nf3 Nf6 3. Nxe5 d6 4. Nf3 Nxe4 5. d4 d5 6. Bd3 Nc6 7. O-O Be7 8.
Re1 Bf5 9. c4 O-O 10. a3 Bf6 11. Nc3 Nxc3 12. bxc3 Bxd3 13. Qxd3 dxc4 14. Qxc4
Na5 15. Qb4 b6 16. Bf4 c6 17. Rad1 Qd5 18. Nd2 Rfe8 19. f3 Be7 20. Rxe7 Rxe7
21. Qxe7 Qf5 22. Qe4 1-0

[Event "4NCL Online Division 3"]
[Site "online"]
[Date "2020.06.02"]
[Round "9.91"]
[White "Archer, Richard"]
[Black "Rahman, Asad"]
[Result "1-0"]
[WhiteElo "1997"]
[BlackElo "2095"]
[PlyCount "79"]
[EventDate "2020.06.02"]
[WhiteTeam "Shropshire 2"]
[BlackTeam "Harrow 2"]

1. e4 c5 2. Nf3 Nc6 3. d4 cxd4 4. Nxd4 d6 5. Nc3 Nf6 6. Bg5 e6 7. Qd2 Be7 8. f4
a6 9. O-O-O O-O 10. Be2 Bd7 11. Nf3 Ne8 12. Kb1 f6 13. Bh4 b5 14. f5 b4 15.
fxe6 bxc3 16. Qxc3 Bxe6 17. Qxc6 Rc8 18. Qa4 Rc5 19. Nd4 Bf7 20. Nf5 a5 21. Bf2
Rc8 22. Rd2 g6 23. Nh6+ Kg7 24. Nxf7 Rxf7 25. h4 h6 26. Rhd1 Bf8 27. g4 Rb7 28.
Bd4 Rb4 29. Qa3 d5 30. Qh3 Qc7 31. c3 Rbb8 32. g5 Qf4 33. gxf6+ Kh7 34. Qd7+
Kg8 35. Qe6+ Kh7 36. Be5 Qxe4+ 37. Bd3 Qe3 38. Qf7+ Bg7 39. Bxg6+ Kh8 40. fxg7+
1-0

[Event "4NCL Online Division 3"]
[Site "online"]
[Date "2020.06.02"]
[Round "9.92"]
[White "Walkusz, Miroslaw"]
[Black "Gostelow, David W"]
[Result "1-0"]
[WhiteElo "1939"]
[BlackElo "1990"]
[PlyCount "79"]
[EventDate "2020.06.02"]
[WhiteTeam "Harrow 2"]
[BlackTeam "Shropshire 2"]

1. d4 d5 2. c4 e6 3. cxd5 exd5 4. Nc3 Nf6 5. Bg5 c6 6. Qc2 h6 7. Bh4 Be7 8. e3
Nbd7 9. Bd3 O-O 10. Nge2 Re8 11. O-O Ne4 12. Bxe7 Qxe7 13. Bxe4 dxe4 14. Rad1
Nf6 15. d5 cxd5 16. Nxd5 Nxd5 17. Rxd5 Bg4 18. Nc3 Rac8 19. Qa4 Rcd8 20. Qxa7
Rxd5 21. Nxd5 Qg5 22. Qxb7 Qe5 23. Nc3 Re6 24. Qd5 Qb8 25. Nxe4 Re5 26. Qd4 Qb5
27. a4 Qe8 28. f3 Bd7 29. Nd6 Qe7 30. e4 Bxa4 31. Ra1 Bb3 32. Ra8+ Kh7 33. Re8
Qxd6 34. Qxd6 Rxe8 35. Kf2 g5 36. Kg3 Kg7 37. Kg4 Rc8 38. Kh5 Be6 39. Qd4+ Kh7
40. Qf6 1-0

[Event "4NCL Online Division 3"]
[Site "online"]
[Date "2020.06.02"]
[Round "9.93"]
[White "Keady, Mark A"]
[Black "Lakhani, Kishan"]
[Result "0-1"]
[WhiteElo "1952"]
[BlackElo "1977"]
[PlyCount "23"]
[EventDate "2020.06.02"]
[WhiteTeam "Shropshire 2"]
[BlackTeam "Harrow 2"]

1. e4 c5 2. f4 e6 3. d4 cxd4 4. Qxd4 Nc6 5. Qa4 Bc5 6. Bb5 a6 7. Nc3 Nd4 8. Bd3
b5 9. Nxb5 Nxb5 10. Bxb5 Qb6 11. Bd3 Bxg1 12. Bf1 0-1

[Event "4NCL Online Division 3"]
[Site "online"]
[Date "2020.06.02"]
[Round "9.94"]
[White "Dhemrait, Jagdeep"]
[Black "Clark, Matthew D H"]
[Result "0-1"]
[WhiteElo "1982"]
[BlackElo "1892"]
[PlyCount "62"]
[EventDate "2020.06.02"]
[WhiteTeam "Harrow 2"]
[BlackTeam "Shropshire 2"]

1. e4 c5 2. Nc3 Nc6 3. f4 g6 4. Nf3 e6 5. Bb5 Nd4 6. O-O Nxb5 7. Nxb5 d6 8. d3
a6 9. Nc3 Bg7 10. Qe1 Ne7 11. Kh1 O-O 12. Qh4 Nc6 13. Qh3 Nd4 14. Nxd4 cxd4 15.
Nd1 Qc7 16. Rf2 Bd7 17. g4 f5 18. Qg2 Kh8 19. h4 fxg4 20. Qxg4 e5 21. Qg3 d5
22. c3 dxe4 23. dxe4 Bc6 24. Re2 exf4 25. Bxf4 Qxf4 26. Qxf4 Rxf4 27. Nf2 Rxh4+
28. Kg1 dxc3 29. bxc3 Bxc3 30. Rd1 Re8 31. e5 Bf3 0-1

[Event "4NCL Online Division 3"]
[Site "online"]
[Date "2020.06.02"]
[Round "9.101"]
[White "French, Angus J"]
[Black "Elwin, Adrian G"]
[Result "1-0"]
[WhiteElo "1952"]
[BlackElo "1982"]
[PlyCount "97"]
[EventDate "2020.06.02"]
[WhiteTeam "Streatham B"]
[BlackTeam "MK Phoenix 2"]

1. e4 c6 2. d4 d5 3. e5 Bf5 4. h4 Qb6 5. c3 Na6 6. Nd2 h6 7. Nb3 e6 8. a4 Nb8
9. a5 Qc7 10. g4 Bh7 11. f4 Be4 12. Nf3 Nd7 13. Bd3 Bxd3 14. Qxd3 c5 15. Qd1 c4
16. Nbd2 Ne7 17. h5 Nc6 18. b4 cxb3 19. Nxb3 a6 20. Kf2 Na7 21. Qd3 Rc8 22. Bd2
Qc4 23. Qxc4 Rxc4 24. Ke2 Be7 25. Kd3 Nb5 26. g5 O-O 27. Ra2 Rfc8 28. Rc1 Kh7
29. Be1 Nf8 30. Rcc2 g6 31. gxh6 gxh5 32. Ng5+ Bxg5 33. fxg5 Ng6 34. Bd2 R4c7
35. Nc5 Nxe5+ 36. dxe5 Rxc5 37. Be1 Rc4 38. Rf2 R8c7 39. Rf6 Re7 40. Raf2 Rcc7
41. Rh2 Rcd7 42. Rxh5 d4 43. c4 Nc7 44. Rh4 Ne8 45. Rff4 Rc7 46. Bb4 Red7 47.
Rxd4 Rxd4+ 48. Rxd4 Kg6 49. Rd8 1-0

[Event "4NCL Online Division 3"]
[Site "online"]
[Date "2020.06.02"]
[Round "9.102"]
[White "Edwards, Peter"]
[Black "Patel, Jagdip TK"]
[Result "1-0"]
[WhiteElo "1870"]
[BlackElo "1967"]
[PlyCount "47"]
[EventDate "2020.06.02"]
[WhiteTeam "MK Phoenix 2"]
[BlackTeam "Streatham B"]

1. Nf3 d5 2. d4 Nf6 3. c4 c6 4. Nc3 dxc4 5. a4 Bf5 6. Nh4 Bg4 7. h3 Bh5 8. g4
Bg6 9. Nxg6 hxg6 10. e4 e5 11. Bxc4 Qxd4 12. Qb3 Qd7 13. Bg5 Nxg4 14. Rd1 Qc7
15. Rd8+ Qxd8 16. Bxd8 Kxd8 17. Qxb7 Bc5 18. Qxa8 Kc7 19. Ke2 Nf6 20. Nd5+ cxd5
21. Bxd5 Nxd5 22. Qxd5 Bd4 23. Rc1+ Kb6 24. Qb5# 1-0

[Event "4NCL Online Division 3"]
[Site "online"]
[Date "2020.06.02"]
[Round "9.103"]
[White "Titorenko, Kostyantyn"]
[Black "Whiteside, Robert"]
[Result "1/2-1/2"]
[WhiteElo "1930"]
[BlackElo "1792"]
[PlyCount "102"]
[EventDate "2020.06.02"]
[WhiteTeam "Streatham B"]
[BlackTeam "MK Phoenix 2"]

1. e4 e6 2. b3 c5 3. Bb2 Nc6 4. g3 Nf6 5. Bg2 e5 6. d3 Be7 7. Ne2 d5 8. exd5
Nxd5 9. O-O O-O 10. Nbc3 Be6 11. Re1 Qd7 12. Qd2 h6 13. f4 exf4 14. Nxf4 Nxf4
15. Qxf4 Qd4+ 16. Qxd4 Nxd4 17. Nd5 Bd6 18. Ne3 Rab8 19. c3 Nf5 20. Nxf5 Bxf5
21. Be4 Bh3 22. Kf2 b5 23. Rad1 Rfe8 24. c4 a6 25. Bd5 Bg4 26. Rxe8+ Rxe8 27.
Re1 Rxe1 28. Kxe1 b4 29. a3 a5 30. axb4 axb4 31. d4 Bf5 32. Kd2 h5 33. dxc5
Bxc5 34. Be5 Kf8 35. Bf3 f6 36. Bb8 g6 37. Be2 Ke7 38. Bd3 Ke6 39. Bf4 Bg1 40.
h4 Bh2 41. Bxf5+ Kxf5 42. c5 g5 43. c6 Ke6 44. hxg5 fxg5 45. Bxg5 Bxg3 46. Kd3
Kd6 47. Kc4 Kxc6 48. Kxb4 h4 49. Bxh4 Bxh4 50. Kc4 Be1 51. b4 Bxb4 1/2-1/2

[Event "4NCL Online Division 3"]
[Site "online"]
[Date "2020.06.02"]
[Round "9.104"]
[White "Cox, Lucian"]
[Black "Smith, Martin G"]
[Result "0-1"]
[WhiteElo "1051"]
[BlackElo "1945"]
[PlyCount "74"]
[EventDate "2020.06.02"]
[WhiteTeam "MK Phoenix 2"]
[BlackTeam "Streatham B"]

1. e4 g6 2. d4 Bg7 3. Nc3 d6 4. f4 e6 5. Nf3 a6 6. Bd3 Ne7 7. Be3 Nd7 8. Qd2 h6
9. O-O-O b5 10. h4 Nf6 11. Rhg1 Ng4 12. Rdf1 Rb8 13. f5 b4 14. Ne2 exf5 15.
exf5 Bxf5 16. Bxf5 Nxf5 17. Bf4 O-O 18. Rh1 h5 19. d5 Qf6 20. c3 bxc3 21. Nxc3
Qd8 22. Bg5 Qd7 23. Nh2 Nxh2 24. Rxh2 Rb4 25. Rf4 Rxf4 26. Qxf4 Be5 27. Qf3
Bxh2 28. g4 Nd4 29. Qf6 Be5 30. Qf2 Qxg4 31. Bf6 Bf4+ 32. Kb1 Qf5+ 33. Ka1 Qxf6
34. Ne2 Nc2+ 35. Kb1 Qf5 36. Nxf4 Re8 37. Qxc2 Re1# 0-1

[Event "4NCL Online Division 3"]
[Site "online"]
[Date "2020.06.02"]
[Round "9.111"]
[White "Francis, Joel"]
[Black "Chesters, Tim"]
[Result "1-0"]
[WhiteElo "1675"]
[BlackElo "2062"]
[PlyCount "131"]
[EventDate "2020.06.02"]
[WhiteTeam "Stroud The Young"]
[BlackTeam "Hull Romans"]

1. e4 e5 2. Nf3 Nc6 3. Bb5 a6 4. Ba4 Nf6 5. O-O Be7 6. Re1 b5 7. Bb3 O-O 8. c3
d5 9. exd5 Nxd5 10. Nxe5 Nxe5 11. Rxe5 c6 12. d3 Bd6 13. Re1 Bf5 14. Qf3 Re8
15. Rxe8+ Qxe8 16. Bd2 Qe6 17. Na3 Re8 18. h3 Qg6 19. Bc2 h5 20. Rc1 Bb8 21. d4
Qd6 22. g3 Bxc2 23. Nxc2 h4 24. g4 Re2 25. Bg5 Nf4 26. Kf1 Re6 27. Ne3 Nd3 28.
Rc2 c5 29. dxc5 Nxc5 30. Nf5 Qh2 31. Ne7+ Kf8 32. Rd2 Rd6 33. Rxd6 Qxd6 34. Nf5
Qd3+ 35. Qxd3 Nxd3 36. b3 f6 37. Bxh4 Nc1 38. Bg3 Ba7 39. Bd6+ Kf7 40. Bf4 Nxa2
41. Bd2 Bb8 42. f4 a5 43. Nd4 b4 44. cxb4 Nxb4 45. Bxb4 axb4 46. f5 Ba7 47. Ne6
g6 48. Ke2 gxf5 49. gxf5 Ke7 50. Kf3 Kd6 51. Ke4 Bf2 52. Nf4 Bh4 53. Ng2 Bg5
54. h4 Bh6 55. Nf4 Kc5 56. Nd5 Bg7 57. h5 Kb5 58. Ne7 Kc5 59. Ng8 Kd6 60. h6
Bh8 61. h7 Kd7 62. Kd5 Bg7 63. Kc5 Ke8 64. Kd6 Kf7 65. Ne7 Bh8 66. Ng6 1-0

[Event "4NCL Online Division 3"]
[Site "online"]
[Date "2020.06.02"]
[Round "9.112"]
[White "Crow, Stephen"]
[Black "Southcott-Moyers, Indy"]
[Result "1-0"]
[WhiteElo "1847"]
[BlackElo "1442"]
[PlyCount "115"]
[EventDate "2020.06.02"]
[WhiteTeam "Hull Romans"]
[BlackTeam "Stroud The Young"]

1. f4 d5 2. Nf3 c5 3. g3 Nc6 4. Bg2 Nf6 5. d3 Bf5 6. O-O e6 7. Na3 Be7 8. c3
Qc7 9. Qc2 O-O-O 10. Nb5 Qb6 11. a4 a6 12. Na3 Kb8 13. Bd2 c4+ 14. Kh1 h6 15.
b4 cxb3 16. Qb2 Ng4 17. Nc2 Nf2+ 18. Rxf2 Qxf2 19. Ncd4 Bf6 20. Rf1 Bxd4 21.
Nxd4 Qxf1+ 22. Bxf1 Nxd4 23. cxd4 Rc8 24. Qxb3 Rc6 25. Bg2 Rhc8 26. h3 Rc2 27.
Bb4 Rxe2 28. Bd6+ Ka8 29. Bc5 Rc6 30. g4 Bg6 31. f5 Bh7 32. fxe6 fxe6 33. a5
Rd2 34. Qc3 Rxd3 35. Qe1 Kb8 36. Qe5+ Kc8 37. Qxg7 Be4 38. Qf8+ Kd7 39. Qf7+
Kc8 40. Qe8+ Kc7 41. Bb6+ Rxb6 42. axb6+ Kxb6 43. Qxe6+ Kb5 44. Bxe4 Rd1+ 45.
Kg2 dxe4 46. Qb3+ Ka5 47. Qxd1 b5 48. d5 Kb6 49. d6 Kc6 50. d7 Kc5 51. d8=Q Kb4
52. Qb1+ Ka4 53. Qxe4+ Ka3 54. Qa5+ Kb2 55. Qeb4+ Kc2 56. Qc3+ Kb1 57. Qab4+
Ka2 58. Qca3# 1-0

[Event "4NCL Online Division 3"]
[Site "online"]
[Date "2020.06.02"]
[Round "9.113"]
[White "Carey, Alex"]
[Black "Varley, Joe"]
[Result "0-1"]
[WhiteElo "1442"]
[BlackElo "1892"]
[PlyCount "84"]
[EventDate "2020.06.02"]
[WhiteTeam "Stroud The Young"]
[BlackTeam "Hull Romans"]

1. e4 e5 2. Nf3 Nc6 3. Bc4 Bc5 4. d3 d6 5. h3 Nf6 6. Bg5 h6 7. Bh4 g5 8. Bg3
Be6 9. Bb3 Qd7 10. Nc3 Nh5 11. Bh2 Nf4 12. Bxf4 gxf4 13. Qd2 Rg8 14. Rg1 Bb4
15. d4 Bxb3 16. axb3 a6 17. dxe5 dxe5 18. Qxd7+ Kxd7 19. O-O-O+ Ke6 20. Nd5 Bd6
21. Nh4 Nd4 22. Rxd4 exd4 23. Nf5 Rg6 24. Nxd4+ Ke5 25. Nf5 Kxe4 26. Nfe7 Bxe7
27. Nxe7 Re6 28. c3 Ke5 29. Re1+ Kd6 30. Nf5+ Kc5 31. Rd1 Rg8 32. b4+ Kb6 33.
g3 Re2 34. g4 Rge8 35. Nxh6 Rxf2 36. Rd2 Re1+ 37. Kc2 Ree2 38. Rxe2 Rxe2+ 39.
Kd3 f3 40. Nf5 Re6 41. Nd4 f2 42. Nxe6 f1=Q+ 0-1

[Event "4NCL Online Division 3"]
[Site "online"]
[Date "2020.06.02"]
[Round "9.114"]
[White "Greep, Stephen"]
[Black "Edwards, Jacob"]
[Result "1/2-1/2"]
[WhiteElo "1690"]
[BlackElo "1412"]
[PlyCount "135"]
[EventDate "2020.06.02"]
[WhiteTeam "Hull Romans"]
[BlackTeam "Stroud The Young"]

1. e4 d5 2. exd5 Nf6 3. Nc3 c6 4. dxc6 Nxc6 5. a3 Bf5 6. Bc4 e6 7. d3 Bc5 8.
Be3 Bxe3 9. fxe3 O-O 10. Nf3 a6 11. O-O Qd6 12. Qe2 b5 13. Bb3 Bg4 14. Qf2 h6
15. Rae1 b4 16. axb4 Nxb4 17. e4 e5 18. Ne2 a5 19. Ba4 Rfc8 20. Nc3 Nc6 21. Qg3
Bxf3 22. Rxf3 Rab8 23. Bb3 Nd4 24. Rf2 Nxb3 25. cxb3 Rxb3 26. Ref1 Kf8 27. Nd5
Qc5 28. Qxe5 Rxd3 29. Kh1 Qxf2 30. Qd6+ Kg8 31. Ne7+ Kh7 32. Qxd3 Rd8 33. Nd5
Ng4 34. Qb1 Qh4 35. h3 Nf2+ 36. Kg1 Qxe4 37. Qxe4+ Nxe4 38. Nc3 Nxc3 39. bxc3
a4 40. Rxf7 Ra8 41. Rf1 a3 42. Ra1 Kg6 43. Kf2 Kf5 44. Ke3 Ke5 45. c4 a2 46.
Kd3 Ra3+ 47. Kc2 Kd4 48. Kb2 Ra8 49. Kb3 Kc5 50. Kc3 g5 51. g4 Ra4 52. Kb3 Rxc4
53. Rxa2 Rb4+ 54. Kc2 Kd4 55. Ra6 Rc4+ 56. Kd2 Rb4 57. Rxh6 Rb2+ 58. Ke1 Kd3
59. Rd6+ Ke3 60. Re6+ Kf3 61. Re5 Rb1+ 62. Kd2 Rh1 63. Rxg5 Rxh3 64. Rg8 Rg3
65. g5 Kf4 66. g6 Kf5 67. g7 Kg6 68. Re8 1/2-1/2

[Event "4NCL Online Division 3"]
[Site "online"]
[Date "2020.06.02"]
[Round "9.121"]
[White "Smith, Simon C"]
[Black "Dharmasena, Gavith"]
[Result "0-1"]
[WhiteElo "1915"]
[BlackElo "1915"]
[PlyCount "60"]
[EventDate "2020.06.02"]
[WhiteTeam "Warley Mighty Quins"]
[BlackTeam "Poisoned Pawns"]

1. Nf3 Nf6 2. c4 c5 3. Nc3 e6 4. d4 cxd4 5. Nxd4 Bc5 6. Nb3 Bb4 7. a3 Bxc3+ 8.
bxc3 O-O 9. Bg5 h6 10. Bh4 b6 11. Qd6 Nc6 12. O-O-O Ba6 13. e3 Rc8 14. g4 g5
15. Bg3 Ne4 16. Qd3 d5 17. Qc2 Qf6 18. Kb2 Na5 19. Nxa5 bxa5 20. Rd4 Nxg3 21.
hxg3 Bxc4 22. Bxc4 Rxc4 23. Rxc4 dxc4 24. Qe2 Rb8+ 25. Kc2 a4 26. f4 Qg6+ 27.
e4 e5 28. f5 Qb6 29. Qxc4 Qf2+ 30. Kc1 Qb2+ 0-1

[Event "4NCL Online Division 3"]
[Site "online"]
[Date "2020.06.02"]
[Round "9.122"]
[White "Srivastava, Arnav"]
[Black "Singh, Amrik J"]
[Result "0-1"]
[WhiteElo "1960"]
[BlackElo "1870"]
[PlyCount "72"]
[EventDate "2020.06.02"]
[WhiteTeam "Poisoned Pawns"]
[BlackTeam "Warley Mighty Quins"]

1. d4 g6 2. c4 Bg7 3. Nf3 d6 4. Nc3 Nd7 5. e4 e5 6. d5 Ne7 7. Be2 O-O 8. O-O a6
9. b4 f5 10. Rb1 Nf6 11. Bd3 fxe4 12. Nxe4 Bg4 13. Bg5 Bxf3 14. gxf3 Qd7 15.
Kg2 Nh5 16. Rg1 Nf5 17. Ng3 Nf4+ 18. Bxf4 Nh4+ 19. Kh1 Rxf4 20. Be4 Raf8 21.
Rb3 Qf7 22. Ne2 Rf6 23. Rg3 Qe7 24. Qd2 Nf5 25. Rh3 Qd7 26. Kg2 h5 27. Qg5 Qf7
28. Bxf5 Rxf5 29. Qe3 Kh7 30. Ng3 Rf4 31. Ne4 Bh6 32. Qd3 Qf5 33. c5 Kg7 34.
cxd6 cxd6 35. Qc3 Rxe4 36. fxe4 Qxf2+ 0-1

[Event "4NCL Online Division 3"]
[Site "online"]
[Date "2020.06.02"]
[Round "9.123"]
[White "Turner, Jon"]
[Black "Volovich, Julia"]
[Result "0-1"]
[WhiteElo "1885"]
[BlackElo "1930"]
[PlyCount "74"]
[EventDate "2020.06.02"]
[WhiteTeam "Warley Mighty Quins"]
[BlackTeam "Poisoned Pawns"]

1. e4 e6 2. d4 d5 3. exd5 exd5 4. Nf3 Bg4 5. Be3 Nf6 6. c3 Bd6 7. Be2 Nbd7 8.
Nbd2 O-O 9. h3 Bf5 10. g4 Bg6 11. Nh4 c5 12. Nxg6 hxg6 13. dxc5 Bxc5 14. Bxc5
Nxc5 15. O-O Nfe4 16. Nxe4 dxe4 17. Qxd8 Raxd8 18. Rad1 Na4 19. Rd4 Rxd4 20.
cxd4 Rd8 21. b3 Nc3 22. Bc4 b5 23. Rc1 Nxa2 24. Ra1 bxc4 25. Rxa2 cxb3 26. Rxa7
Rxd4 27. Rb7 Rd3 28. Kg2 g5 29. Rb4 e3 30. fxe3 Rxe3 31. Rb7 Re2+ 32. Kf3 Rb2
33. Kg3 Rb1 34. Kg2 b2 35. Kh2 Kf8 36. Kg2 Ke8 37. Kf2 Rh1 0-1

[Event "4NCL Online Division 3"]
[Site "online"]
[Date "2020.06.02"]
[Round "9.124"]
[White "Trivedi, Aarnavh"]
[Black "Emery, Ian"]
[Result "0-1"]
[WhiteElo "1975"]
[BlackElo "1825"]
[PlyCount "106"]
[EventDate "2020.06.02"]
[WhiteTeam "Poisoned Pawns"]
[BlackTeam "Warley Mighty Quins"]

1. c4 e5 2. g3 Nf6 3. Bg2 c6 4. Nc3 d5 5. b3 d4 6. Na4 Bf5 7. Bb2 Nbd7 8. Rc1
Rb8 9. c5 Qa5 10. a3 Ne4 11. b4 Qb5 12. d3 Nef6 13. Nf3 a5 14. Bxd4 axb4 15.
axb4 exd4 16. O-O Ra8 17. Nxd4 Qxa4 18. Nxf5 Qxb4 19. Rc4 Qb2 20. Qb1 Qxb1 21.
Rxb1 g6 22. Ne3 Bxc5 23. d4 Bb6 24. Rcb4 c5 25. Rxb6 Nxb6 26. Rxb6 cxd4 27.
Bxb7 Ra1+ 28. Nf1 Ke7 29. Kg2 Rd8 30. Rb3 Nd5 31. Nd2 Ra2 32. Bxd5 Rxd5 33. Rd3
f5 34. h4 Rc2 35. Kf3 Rc3 36. Nf1 Rxd3+ 37. exd3 Re5 38. Nd2 Rb5 39. Nc4 Rb3
40. Ne5 Ke6 41. Kf4 Rc3 42. f3 Rb3 43. g4 Rc3 44. h5 gxh5 45. gxf5+ Kf6 46. Ke4
h4 47. Ng4+ Ke7 48. f6+ Kf7 49. f4 h5 50. Ne5+ Kxf6 51. Kxd4 Rc1 52. Ke3 h3 53.
Nf3 Rc2 0-1